Celostné prístupy (pohľady) na utváranie sociálneho štátu (spoločnosti)
Doterajší vývoj ľudskej spoločnosti a súčasná situácia vo svete. Súčasné problémy sveta. Postavenie politikov a vlastníkov nadnárodných korporácií v súčasnosti. Nezamestnanosť - sociálna situácia občanov. Stabilita a rovnovážny stav spoločnosti. Celostný manažment a prístup pri riešení súčasných soc...
Gespeichert in:
| 1. Verfasser: | |
|---|---|
| Format: | Buchkapitel |
| Sprache: | Slowakisch |
| Schlagworte: | |
| Tags: |
Keine Tags, Fügen Sie das erste Tag hinzu!
|
MARC
| LEADER | 00000naa$a2200000$$$4500 | ||
|---|---|---|---|
| 001 | 0165907 | ||
| 005 | 20240502072905.9 | ||
| 041 | 0 | |a slo | |
| 044 | |a SK | ||
| 245 | 1 | 0 | |a Celostné prístupy (pohľady) na utváranie sociálneho štátu (spoločnosti) |c Ján Porvazník |
| 520 | |a Doterajší vývoj ľudskej spoločnosti a súčasná situácia vo svete. Súčasné problémy sveta. Postavenie politikov a vlastníkov nadnárodných korporácií v súčasnosti. Nezamestnanosť - sociálna situácia občanov. Stabilita a rovnovážny stav spoločnosti. Celostný manažment a prístup pri riešení súčasných sociálnych problémov. | ||
| 610 | 2 | 0 | |a spoločnosť |
| 610 | 2 | 0 | |a štát sociálny |
| 610 | 2 | 0 | |a situácia sociálna |
| 610 | 2 | 0 | |a problémy spoločenské |
| 100 | 1 | |a Porvazník, Ján | |